[Event "RUS-ch sf"]
[Site "Ufa"]
[Date "1999.??.??"]
[Round "1"]
[White "Alavkin, Arseny Nailievich"]
[Black "Chinchik, Yury"]
[Result "1/2-1/2"]
[WhiteElo "2441"]
[BlackElo "2241"]
[PlyCount "95"]
[EventDate "1999.04.??"]
[EventType "swiss"]
[EventRounds "11"]
[EventCountry "RUS"]
[SourceTitle "CBM 070 Extra"]
[Source "ChessBase"]
[SourceDate "1999.07.10"]
[SourceVersion "1"]
[SourceVersionDate "1999.07.10"]
[SourceQuality "1"]

1. e4 c5 2. Nf3 e6 3. b3 d5 4. exd5 exd5 5. Bb2 Nf6 6. Bb5+ Nc6 7. Qe2+ Qe7 8. Ne5 Bd7 9. Bxc6 Bxc6 10. Nxc6 Qxe2+ 11. Kxe2 bxc6 12. Bxf6 gxf6 13. Re1 Kd7 14. Nc3 Re8+ 15. Kf1 Bh6 16. Rad1 f5 17. Rxe8 Rxe8 18. Ne2 Ke6 19. Re1 Kf6 20. f4 Bf8 21. Nc3 Rb8 22. Ne2 Bd6 23. g3 a5 24. Nc3 Be7 25. Ke2 Rb4 26. Na4 Rb8 27. c3 Bd6 28. Rc1 Ke6 29. c4 d4 30. Nb2 Ra8 31. Re1 Kf6 32. Kf3 Rc8 33. Na4 Rb8 34. Re2 h5 35. Nb2 Ra8 36. Re1 Rb8 37. Rb1 Ra8 38. Re1 Rb8 39. Nd3 Rc8 40. Re2 Bf8 41. Ne5 Rc7 42. h3 Bd6 43. g4 hxg4+ 44. hxg4 fxg4+ 45. Nxg4+ Kf5 46. Nh6+ Kg6 47. Ng8 Kf5 48. Nh6+ 1/2-1/2

[Event "RUS-ch sf"]
[Site "Ufa"]
[Date "1999.??.??"]
[Round "9"]
[White "Nefediev, Alexander"]
[Black "Chinchik, Yury"]
[Result "1/2-1/2"]
[WhiteElo "2321"]
[BlackElo "2241"]
[PlyCount "90"]
[EventDate "1999.04.??"]
[EventType "swiss"]
[EventRounds "11"]
[EventCountry "RUS"]
[SourceTitle "CBM 070 Extra"]
[Source "ChessBase"]
[SourceDate "1999.07.10"]
[SourceVersion "1"]
[SourceVersionDate "1999.07.10"]
[SourceQuality "1"]

1. d4 Nf6 2. c4 c5 3. Nf3 e6 4. Nc3 cxd4 5. Nxd4 a6 6. Nc2 Qc7 7. e3 Be7 8. Be2 0-0 9. 0-0 b6 10. Bf3 Ra7 11. Qe2 Nc6 12. b3 Ne5 13. Bb2 Nxf3+ 14. Qxf3 d5 15. cxd5 exd5 16. Nd4 Bg4 17. Qg3 Bd6 18. Qh4 Qd7 19. h3 Be6 20. Rfd1 Bb8 21. Rac1 Rc8 22. Nce2 Ne4 23. Rxc8+ Qxc8 24. Nxe6 fxe6 25. Qg4 Rf7 26. Rc1 Qd7 27. f3 Nc5 28. Rd1 a5 29. e4 b5 30. Nc3 Qe8 31. exd5 exd5 32. Nxd5 Qe2 33. Qd4 b4 34. Qd2 Qe6 35. Re1 Qd7 36. Qg5 Ne6 37. Qg4 Qxd5 38. Qxe6 Qc5+ 39. Kh1 Bc7 40. Be5 Bxe5 41. Rxe5 Qc1+ 42. Kh2 Qf4+ 43. Kg1 h6 44. Qe8+ Kh7 45. Qb5 Qd4+ 1/2-1/2